=LDR 00000nam 2200000 4500 =001 INLIS000000000029053 =005 20200716025336 =035 ##$$a 0010-061300000029053 =008 200716################g##########0#ind## =041 ##$$a ind =082 ##$$a 2x6.3 =090 ##$$a 2x6.3, BER b =245 ##$$a Berbagai aspek ekonomi Islam /$c Editor, M. Rusli Karim =260 ##$$a Yogyakarta :$b Tiara Wacana,$c 1992 =300 ##$$a xxii, 255 hlm. ; $c 20 x 14 cm. =650 #4$$a Ekonomi Islam =700 #$$a Karim, M. Rusli =850 ##$$a NBPNMAT =020 ##$$a 979-8120-46-9 =084 ##$$a 2x6.3 BER b =990 ##$$a 110.999/Pro-97